| 000 | 00572nam a2200205Ia 4500 | ||
|---|---|---|---|
| 008 | 160303s9999 xx 000 0 und d | ||
| 050 | _aFIL HB 171.5 | ||
| 050 | _b.Y65 1966 | ||
| 100 | _aYoingco, Angel Q. | ||
| 245 | _aEconomic analysis / | ||
| 245 | _cAngel Q. Yoingco, Jose V. Gragasin, Eliodoro G. Robles. | ||
| 260 | _aManila: | ||
| 260 | _bGIC Enterprises and Co,. Inc., | ||
| 260 | _c1966 | ||
| 300 | _a444 pages : | ||
| 300 | _billustrations ; | ||
| 300 | _c22 cm. | ||
| 500 | _aIncludes bibliographical references and index. | ||
| 650 | _aEconomics. | ||
| 999 |
_c291292 _d291292 |
||